Central Library OPAC University of Rajshahi

বাংলা উপন্যাসে লোকউপাদান, (১৯৪৭-১৯৭১) / (Record no. 79792)

MARC details
000 -LEADER
fixed length control field 01665nam a2200277 a 4500
001 - CONTROL NUMBER
RUCL Control Number 79792
003 - CONTROL NUMBER IDENTIFIER
rucl marc code BD-RjUL
005 - DATE AND TIME OF LATEST TRANSACTION
control field 20221024114736.0
008 - FIXED-LENGTH DATA ELEMENTS--GENERAL INFORMATION
fixed length control field 220512s2008 bg ||||| m||| 00| 0 ben d
035 ## - SYSTEM CONTROL NUMBER
system control number (BD-RjUL)79792
040 ## - CATALOGING SOURCE
Original cataloging agency BD-RjUL
Language of cataloging ben/eng
Transcribing agency BD-RjUL
Modifying agency BD-RjUL
041 ## - LANGUAGE CODE
Language code of Book ben
082 ## - DEWEY DECIMAL CLASSIFICATION NUMBER
DDC Edition number 23
Classification number 398.2095492
Author mark and Year AKB 2008
100 ## - MAIN ENTRY--PERSONAL NAME
Personal name আক্তার, মোছা. নাসিমা
9 (RLIN) 2969
245 10 - TITLE STATEMENT
Title বাংলা উপন্যাসে লোকউপাদান, (১৯৪৭-১৯৭১) /
Statement of responsibility, etc মোছা. নাসিমা আক্তার ;
Name of Supervisor/Co-Supervisor সুপারভাইজার: মুহম্মদ আবদুল জলিল
260 ## - PUBLICATION, DISTRIBUTION, ETC. (IMPRINT)
Place of publication, distribution, etc রাজশাহী :
Name of publisher, distributor, etc ফোকলোর বিভাগ, রাজশাহী বিশ্ববিদ্যালয়,
Date of publication, distribution, etc ২০০৮
300 ## - PHYSICAL DESCRIPTION
Pagination [৯], ১৬৯ পাতা ;
Dimensions ২৯ সেমি.
502 ## - DISSERTATION NOTE
Dissertation note থিসিস (এম.ফিল.) -- ফোকলোর বিভাগ, রাজশাহী বিশ্ববিদ্যালয়, ২০০৮
504 ## - BIBLIOGRAPHY, ETC. NOTE
Bibliography, etc গ্রন্থপঞ্জি : পাতা ১৬২-১৬৯
650 ## - SUBJECT ADDED ENTRY--TOPICAL TERM
Topical term or geographic name as entry element লোকসাহিত্য
Form subdivision ইতিহাস
Geographic subdivision বাংলাদেশ
Chronological subdivision ১৯৪৭-১৯৭১ খ্রিষ্টাব্দ
9 (RLIN) 2970
Topical term or geographic name as entry element Folk literature
Form subdivision History
Geographic subdivision Bangladesh
Chronological subdivision 1947-1971 A. D.
9 (RLIN) 2971
Topical term or geographic name as entry element বাংলা সাহিত্য
General subdivision ইতিহাস ও সমালোচনা
Topical term or geographic name as entry element Bengali Literature
General subdivision History and Criticism
700 ## - ADDED ENTRY--SUPERVISOR/CO-SUPERVISOR NAME
Personal name জলিল, মুহম্মদ আবদুল, সুপারভাইজার
9 (RLIN) 2972
942 ## - ADDED ENTRY ELEMENTS (KOHA)
Source of classification or shelving scheme Dewey Decimal Classification
Koha item type Theses
Holdings
Source of classification or shelving scheme Damaged status Not for loan Collection code Permanent Location Current Location Shelving location Date of accession Source of acquisition Total Checkouts Full call number Barcode Date last seen Copy number Thesis
Dewey Decimal Classification   Not For Loan Theses Central Library, University of Rajshahi Central Library, University of Rajshahi Documentation Section 08/06/2010 Controller of Exam. R.U.   BTHE 398.2095492 AKB 2008 D3081 12/05/2022 C-1 Theses